000 01214nam a22002897a 4500
999 _c120301
_d120301
003 dpl
005 20181212152607.0
008 181212b ||||| |||| 00| 0 eng d
010 _aB-057634
020 _c120.00
_a8187482095
035 _aB-057634
035 _aB-78764
037 _bCen Lib/Ret
040 _aDPL
_bHN
_cdpl
082 _a823.08
_bमदन
100 _aमदन सोनी
_92233
245 _aकथा पुरुष :
_cमदन सोनी
_bनिर्मल वर्मा पर चार निबन्ध /
246 _aKatha purush : Nirmal Verma par char nibandh /
_bby Madan Soni
260 _aबीकानेर
_bवाग्देवी प्रकाशन
_c2000
270 _bबीकानेर
_aसुगन निवास, चन्दनसागर
_e334001
300 _a120पृ.
_c21सेमी(सजिल्द)
650 _aहिन्दी -- निबंध -- निर्मल वर्मा
_949594
650 _aहिन्दी -- साहित्य
_989590
650 _aHindi - essay - Nirmal Verma
_989591
650 _aHindi literature
_989592
942 _2ddc
_cHN
_h823.08
_mमदन